[Event "FIDE World Cup Women 2023"]
[Site "Baku AZE"]
[Date "2023.07.30"]
[Round "1.1"]
[White "Roebers, Eline"]
[Black "Al-Fayyadh, Yamama Asif Abdula"]
[Result "1-0"]
[WhiteTitle "IM"]
[BlackTitle "WCM"]
[WhiteElo "2419"]
[BlackElo "1705"]
[WhiteFideId "1058401"]
[BlackFideId "4806700"]
[EventDate "2023.07.30"]
[EventType "k.o."]

1. e4 e5 2. Nf3 Nc6 3. d4 exd4 4. Nxd4 Bc5 5. Nb3 Bb6 6. Nc3 Qf6 7. Qe2 Nge7 8.
Be3 O-O 9. O-O-O d6 10. Kb1 Bxe3 11. Qxe3 a6 12. f4 b5 13. Rg1 b4 14. Ne2 Ng6
15. g4 Qe7 16. f5 Nge5 17. Nf4 Qd8 18. g5 Ne7 19. Nh5 Nxf5 20. exf5 Bxf5 21. Ng3
Be6 22. Nd4 Bd7 23. Bg2 Rb8 24. Nf3 Re8 25. Qf4 a5 26. Rge1 Nxf3 27. Bxf3 Rb5
28. Bg4 Bxg4 29. Qxg4 Rbe5 30. Rxe5 Rxe5 31. h4 Qe8 32. Qf4 d5 33. Kc1 c5 34. h5
Qe7 35. Nf5 Qe6 36. Rxd5 Re1+ 37. Rd1 Rxd1+ 38. Kxd1 Qd5+ 39. Ke1 h6 40. Ne7+ 1-0

[Event "FIDE World Cup Women 2023"]
[Site "Baku AZE"]
[Date "2023.07.30"]
[Round "1.1"]
[White "Jannatul, Ferdous"]
[Black "Bulmaga, Irina"]
[Result "0-1"]
[WhiteTitle "WCM"]
[BlackTitle "IM"]
[WhiteElo "1815"]
[BlackElo "2416"]
[WhiteFideId "10212590"]
[BlackFideId "13903063"]
[EventDate "2023.07.30"]
[EventType "k.o."]

1. d4 Nf6 2. Nc3 d5 3. Bf4 g6 4. Nb5 Na6 5. e3 Bg7 6. Nf3 c6 7. Na3 Qb6 8. Qc1
Nh5 9. Bg3 O-O 10. Be2 Nxg3 11. hxg3 Bg4 12. O-O e5 13. Bxa6 Bxf3 14. Bd3 Bg4
15. dxe5 Bxe5 16. c3 Rfe8 17. Nc2 c5 18. Re1 h5 19. a4 Rad8 20. a5 Qf6 21. f4
Bc7 22. e4 dxe4 23. Bxe4 h4 24. Ne3 Be6 25. gxh4 Bxf4 26. Qc2 Qxh4 27. Nf1 Bf5
28. Re2 Bxe4 29. Rxe4 Rxe4 0-1

[Event "FIDE World Cup Women 2023"]
[Site "Baku AZE"]
[Date "2023.07.30"]
[Round "1.1"]
[White "Injac, Teodora"]
[Black "Sovetbekova, Nurai"]
[Result "1-0"]
[WhiteTitle "IM"]
[BlackTitle "WFM"]
[WhiteElo "2415"]
[BlackElo "1823"]
[WhiteFideId "932400"]
[BlackFideId "13801910"]
[EventDate "2023.07.30"]
[EventType "k.o."]

1. d4 Nf6 2. Nf3 d5 3. c4 e6 4. cxd5 exd5 5. Nc3 c6 6. Bf4 Bd6 7. Bxd6 Qxd6 8.
e3 Bf5 9. Nh4 Bg4 10. Qb3 Qe7 11. h3 Be6 12. Bd3 Ne4 13. Nf3 O-O 14. Qc2 Bf5 15.
Ne5 Re8 16. O-O Bg6 17. Nxg6 hxg6 18. Bxe4 dxe4 19. d5 Na6 20. dxc6 Nb4 21. Qb3
Nxc6 22. Nd5 Qe5 23. Rfd1 b6 24. Rac1 Rac8 25. Qa4 Ne7 26. Rxc8 Nxc8 27. Nc3 Kh7
28. Rd5 Qe6 29. Qd4 f6 30. Qd1 Ne7 31. Rd4 f5 32. Rd6 Qc8 33. Qa4 Rd8 34. Rxd8
Qxd8 35. Qxa7 Nc6 36. Qb7 Nb4 37. a3 Nd3 38. Nd5 Qh4 39. g3 Qxh3 40. Nf6+ Kh6
41. Qb8 Kg5 42. Nxe4+ Kg4 43. f3+ 1-0

[Event "FIDE World Cup Women 2023"]
[Site "Baku AZE"]
[Date "2023.07.30"]
[Round "1.1"]
[White "Van Zyl, Charlize"]
[Black "Salimova, Nurgyul"]
[Result "0-1"]
[WhiteTitle "WIM"]
[BlackTitle "IM"]
[WhiteElo "1839"]
[BlackElo "2409"]
[WhiteFideId "14307120"]
[BlackFideId "2915138"]
[EventDate "2023.07.30"]
[EventType "k.o."]

1. d4 Nf6 2. Nf3 d5 3. c4 e6 4. g3 dxc4 5. Bg2 Nc6 6. O-O Rb8 7. b3 cxb3 8. Qxb3
Be7 9. Rd1 O-O 10. Nc3 a5 11. Nb5 Bd7 12. Ne5 Nb4 13. a4 Be8 14. e4 c6 15. Nc3
Ra8 16. Be3 Nd7 17. Rac1 Nxe5 18. dxe5 Qb8 19. f4 c5 20. Bf1 Bc6 21. Bb5 Rd8 22.
Qc4 Rxd1+ 23. Rxd1 Qc7 24. Bxc6 bxc6 25. Bxc5 Rd8 26. Rxd8+ Qxd8 27. Bxe7 Qxe7
28. Qd4 g6 29. Kf2 Nc2 30. Qb6 Qd7 31. Qb8+ Kg7 32. Qd6 Qa7+ 33. Kf1 Ne3+ 34.
Ke2 Ng4 35. Qd2 Qg1 36. Kd3 Nxh2 37. Qe3 Qg2 38. f5 exf5 39. e6 fxe6 40. Qd4+
Kh6 41. Qe3+ Kh5 42. Ne2 Qf3 0-1

[Event "FIDE World Cup Women 2023"]
[Site "Baku AZE"]
[Date "2023.07.30"]
[Round "1.1"]
[White "Garifullina, Leya"]
[Black "Al Maamari, Wafia Darwish"]
[Result "1-0"]
[WhiteTitle "IM"]
[BlackTitle "WFM"]
[WhiteElo "2408"]
[BlackElo "1850"]
[WhiteFideId "34127035"]
[BlackFideId "9305734"]
[EventDate "2023.07.30"]
[EventType "k.o."]

1. e4 c5 2. Nf3 e6 3. d4 cxd4 4. Nxd4 Nf6 5. Nc3 Nc6 6. Ndb5 Bb4 7. a3 Bxc3+ 8.
Nxc3 d5 9. exd5 exd5 10. Bd3 O-O 11. O-O d4 12. Ne2 Bg4 13. Bg5 h6 14. Bh4 Bxe2
15. Bxe2 Re8 16. Re1 Re4 17. Bg3 Qb6 18. b4 Rae8 19. Qd2 a6 20. Bd3 Rxe1+ 21.
Rxe1 Qd8 22. h3 Re7 23. Qd1 Qe8 24. Rxe7 Qxe7 25. Qf3 Qe6 26. Kh2 Qd5 27. Qf4
Kf8 28. a4 Ke7 29. b5 axb5 30. axb5 Nd8 31. Qc7+ Nd7 32. Be2 Ne6 33. Qc8 Ne5 34.
f4 Nd7 35. Bc4 Qc5 36. Qxc5+ Nexc5 37. Bf2 Nb6 38. Ba2 Ne6 39. f5 Nc7 40. Bxd4
Nd7 41. Bxg7 Nxb5 42. g4 f6 43. Bxh6 Nc3 44. Bb3 Nc5 45. Kg2 b5 46. h4 b4 47.
Be3 Nxb3 48. cxb3 Kf7 49. Kf3 Nd5 50. Bd4 1-0

[Event "FIDE World Cup Women 2023"]
[Site "Baku AZE"]
[Date "2023.07.30"]
[Round "1.1"]
[White "Abdi, Zineb Dina"]
[Black "Hoang, Thanh Trang"]
[Result "0-1"]
[WhiteTitle "WIM"]
[BlackTitle "GM"]
[WhiteElo "1858"]
[BlackElo "2402"]
[WhiteFideId "7900880"]
[BlackFideId "12400149"]
[EventDate "2023.07.30"]
[EventType "k.o."]

1. e4 e6 2. d4 d5 3. Nc3 Bb4 4. exd5 exd5 5. Qf3 c6 6. Bd3 Qf6 7. Qxf6 Nxf6 8.
Nf3 Ne4 9. Bd2 Nxd2 10. Kxd2 O-O 11. Rae1 Nd7 12. a3 Bd6 13. g3 Nb6 14. Nd1 Bg4
15. Ne5 Bh3 16. Bf1 Bf5 17. Bd3 Bh3 18. Bf1 Bc8 19. f4 f6 20. Nf3 Bg4 21. Bg2
Nc4+ 22. Kc1 Rfe8 23. Nd2 Nxd2 24. Kxd2 Kf7 25. Rxe8 Rxe8 26. Re1 Rxe1 27. Kxe1
g5 28. fxg5 fxg5 29. Ne3 Be6 30. Bf3 Kg6 31. Bg4 Bxg4 32. Nxg4 Kf5 33. Nf2 h5
34. Ke2 g4 35. Nd1 Ke4 36. c3 c5 37. Nf2+ Kf5 38. Ke3 c4 39. Ke2 Be7 40. Nd1 Bg5
41. Ke1 b5 42. Kf1 Bc1 43. Ke1 Ke6 44. Kf1 Kd6 45. Ke1 Kc6 46. Kf1 Kb6 47. Ke2
Ka5 48. Ne3 Bxb2 49. Nxd5 Bxa3 50. Kd2 b4 51. cxb4+ Bxb4+ 52. Kc2 Kb5 53. Nf6 a5
54. Nxh5 Be7 55. Nf4 Bf6 56. Kc3 a4 57. Nd5 Bd8 58. Ne3 Ba5+ 59. Kb2 Bd2 60.
Nxg4 c3+ 61. Kc2 a3 0-1

[Event "FIDE World Cup Women 2023"]
[Site "Baku AZE"]
[Date "2023.07.30"]
[Round "1.1"]
[White "Punsalan, Vyanla M"]
[Black "Fataliyeva, Ulviyya"]
[Result "0-1"]
[WhiteTitle "WFM"]
[BlackTitle "IM"]
[WhiteElo "1989"]
[BlackElo "2401"]
[WhiteFideId "4305850"]
[BlackFideId "13403052"]
[EventDate "2023.07.30"]
[EventType "k.o."]

1. e4 e5 2. Nf3 Nc6 3. Nc3 Nf6 4. d4 exd4 5. Nxd4 Bb4 6. Nxc6 bxc6 7. Bd3 d5 8.
exd5 O-O 9. O-O cxd5 10. h3 Be6 11. Qf3 c5 12. Rd1 h6 13. Bf4 Bxc3 14. bxc3 Rc8
15. c4 Qe7 16. Rab1 Rfd8 17. Re1 Qf8 18. Be5 Nh7 19. Rb7 Ng5 20. Qe2 Re8 21. h4
dxc4 22. hxg5 cxd3 23. Qxd3 Rcd8 24. Qg3 hxg5 25. Rxa7 f6 26. Bc3 Bf5 27. Rb1
Re7 28. Rxe7 Qxe7 29. Ba5 Rd4 30. Re1 Qa7 31. Qb3+ c4 32. Qb5 Bd7 33. Qb4 Qa8
34. Qb6 Rg4 35. g3 Bf5 36. Qb5 Bg6 37. Re3 Rd4 38. Be1 Qxa2 39. Qb8+ Kh7 40. Qc8
g4 41. Bc3 Rd1+ 42. Kg2 Qb1 43. Qxg4 Rg1+ 44. Kf3 Qd1+ 45. Kf4 Qd6+ 46. Kf3 Qd5+
47. Kf4 Rh1 48. Qe6 Qg5+ 49. Kf3 Qh5+ 50. Kf4 Rh2 51. Be1 Bxc2 52. g4 Qh6+ 53.
Kf3 Bd3 54. Rxd3 Qh3+ 55. Kf4 g5+ 56. Kf5 Qxd3+ 57. Qe4 Qxe4+ 58. Kxe4 Rg2 59.
Kf3 Rg1 60. Bc3 Kg6 61. Bd4 Kf7 62. Bc3 Rc1 63. Bd4 c3 64. Ke2 c2 0-1

[Event "FIDE World Cup Women 2023"]
[Site "Baku AZE"]
[Date "2023.07.30"]
[Round "1.1"]
[White "Divya, Deshmukh"]
[Black "Azhar, Puteri Munajjah Az-Zahraa"]
[Result "1-0"]
[WhiteTitle "WGM"]
[BlackTitle "WIM"]
[WhiteElo "2400"]
[BlackElo "2004"]
[WhiteFideId "35006916"]
[BlackFideId "5709040"]
[EventDate "2023.07.30"]
[EventType "k.o."]

1. e4 c5 2. Nf3 Nc6 3. d4 cxd4 4. Nxd4 g6 5. c4 Bg7 6. Be3 Nf6 7. Nc3 O-O 8. Be2
d6 9. O-O Ne8 10. Rc1 Nc7 11. f4 f5 12. Bf3 Bd7 13. Nd5 Ne6 14. Nxe6 Bxe6 15. b4
Kh8 16. b5 Bxd5 17. Qxd5 Na5 18. Bd4 Rc8 19. Rfe1 Qc7 20. Bxg7+ Kxg7 21. Qd4+ e5
22. fxe5 dxe5 23. Qxa7 Qc5+ 24. Qxc5 Rxc5 25. exf5 gxf5 26. Bd5 Kf6 27. g4 f4
28. Rc3 Re8 29. Kf2 b6 30. Kf3 Rec8 31. Rec1 R8c7 32. Ke4 Rg7 33. Rh3 Rxg4 34.
Rh6+ Rg6 35. Rxh7 Rg2 36. Rh6+ Kg7 37. Rxb6 Re2+ 38. Kf5 f3 39. Rg1+ Rg2 40.
Rxg2+ fxg2 41. Rg6+ 1-0

[Event "FIDE World Cup Women 2023"]
[Site "Baku AZE"]
[Date "2023.07.30"]
[Round "1.1"]
[White "Varela La Madrid, Tilsia Carolina"]
[Black "Badelka, Olga"]
[Result "0-1"]
[WhiteTitle "WIM"]
[BlackTitle "IM"]
[WhiteElo "2028"]
[BlackElo "2397"]
[WhiteFideId "3903001"]
[BlackFideId "13509926"]
[EventDate "2023.07.30"]
[EventType "k.o."]

1. e4 e5 2. Nf3 Nc6 3. Bc4 Bc5 4. c3 Nf6 5. d4 exd4 6. e5 d5 7. Be2 Ne4 8. cxd4
Bb4+ 9. Bd2 Nxd2 10. Nbxd2 O-O 11. O-O f6 12. Nb3 Re8 13. a3 Bf8 14. exf6 Qxf6
15. Rc1 Bg4 16. Re1 Bd6 17. Nbd2 Nxd4 18. Nxd4 Qxd4 19. Bxg4 Rxe1+ 20. Qxe1 Qxg4
21. h3 Qd4 22. Rc3 Qe5 23. Qxe5 Bxe5 24. Rc2 c6 25. Kf1 a5 26. Nb3 Bd6 27. Ke2
a4 28. Nc5 Ra7 29. Nd3 Ra5 30. f4 Rb5 31. g4 Kf7 32. Rc1 c5 33. Rc2 c4 0-1

[Event "FIDE World Cup Women 2023"]
[Site "Baku AZE"]
[Date "2023.07.30"]
[Round "1.1"]
[White "Kiolbasa, Oliwia"]
[Black "Asgharzadeh, Mitra"]
[Result "1-0"]
[WhiteTitle "IM"]
[BlackTitle "WFM"]
[WhiteElo "2394"]
[BlackElo "2033"]
[WhiteFideId "1154613"]
[BlackFideId "12583111"]
[EventDate "2023.07.30"]
[EventType "k.o."]

1. e4 e5 2. Nf3 Nc6 3. Bb5 a6 4. Ba4 Nf6 5. O-O b5 6. Bb3 Be7 7. d3 d6 8. Bd2
O-O 9. h3 Bb7 10. a4 Nb8 11. axb5 axb5 12. Rxa8 Bxa8 13. Nc3 Bc6 14. Qe2 Nbd7
15. d4 b4 16. Nd5 Bxd5 17. exd5 e4 18. Ng5 Nb6 19. Nxe4 Nfxd5 20. c4 bxc3 21.
bxc3 Nf6 22. Ng3 Re8 23. Nf5 Bf8 24. Qf3 Nbd7 25. Ra1 Qb8 26. c4 Ne4 27. Bf4
Ndf6 28. Qd3 Qb4 29. Bc2 g6 30. Nh6+ Kg7 31. Be3 Nc3 32. Ng4 Qb2 33. Rf1 Nxg4
34. hxg4 d5 35. cxd5 Nxd5 36. Bb3 Nc3 37. Qc4 Ne2+ 38. Kh1 Re6 39. Re1 Nc3 40.
d5 Re4 41. Bd4+ Kg8 42. Bxc3 Rxe1+ 43. Bxe1 Qb1 44. Qc3 Bg7 45. Qe3 Bh6 46. Qe8+
Kg7 47. d6 Bd2 48. d7 Bxe1 49. Qxf7+ Kh6 50. Qf8+ 1-0

[Event "FIDE World Cup Women 2023"]
[Site "Baku AZE"]
[Date "2023.07.30"]
[Round "1.1"]
[White "Nassr, Lina"]
[Black "Milliet, Sophie"]
[Result "0-1"]
[WhiteTitle "WIM"]
[BlackTitle "IM"]
[WhiteElo "2071"]
[BlackElo "2388"]
[WhiteFideId "7908075"]
[BlackFideId "623725"]
[EventDate "2023.07.30"]
[EventType "k.o."]

1. d4 Nf6 2. Nf3 d5 3. e3 a6 4. Bd3 Bg4 5. c4 dxc4 6. Bxc4 e6 7. O-O c5 8. dxc5
Qxd1 9. Rxd1 Bxc5 10. a3 Nbd7 11. b4 Be7 12. Bb2 O-O 13. Nbd2 Rfd8 14. h3 Bh5
15. Be2 Nd5 16. Rac1 N7b6 17. g4 Bg6 18. Ne5 Na4 19. Bd4 a5 20. Nxg6 hxg6 21.
bxa5 Bxa3 22. Rc2 Bb4 23. Ra1 Nac3 24. Nb3 Nxe2+ 25. Rxe2 Rdc8 26. Rea2 Ra6 27.
Ra4 Be7 28. Nd2 Rca8 29. Nc4 b5 30. axb6 Rxa4 31. Rxa4 Rxa4 32. b7 Rb4 33. Bb6
Bd6 34. Nxd6 Rxb6 35. e4 Nc3 36. e5 Nb5 37. Kg2 Nxd6 38. exd6 Rxb7 0-1

[Event "FIDE World Cup Women 2023"]
[Site "Baku AZE"]
[Date "2023.07.30"]
[Round "1.1"]
[White "Narva, Mai"]
[Black "Wafa, Shahenda"]
[Result "1-0"]
[WhiteTitle "IM"]
[BlackTitle "WGM"]
[WhiteElo "2387"]
[BlackElo "2093"]
[WhiteFideId "4500512"]
[BlackFideId "10609962"]
[EventDate "2023.07.30"]
[EventType "k.o."]

1. e4 e5 2. Nf3 Nc6 3. Bc4 Bc5 4. c3 Nf6 5. d3 d6 6. b4 Bb6 7. a4 a5 8. b5 Ne7
9. O-O O-O 10. Re1 c6 11. Bb3 Ng6 12. h3 h6 13. Nbd2 cxb5 14. axb5 d5 15. exd5
Nxd5 16. Ne4 Bf5 17. Ba3 Bxe4 18. dxe4 Nxc3 19. Qc2 Nxb5 20. Bxf8 Qxf8 21. Bd5
Nd4 22. Nxd4 Bxd4 23. Bxb7 Ra7 24. Rab1 Nf4 25. Kh2 Qd8 26. Rec1 Kh7 27. Qa2 Qg5
28. g3 Nd3 29. Rf1 Qf6 30. Bc8 h5 31. Qe2 Nb4 32. Qxh5+ Qh6 33. Qf5+ g6 34. Qf6
Qg7 35. Qd8 Qg8 36. Qh4+ Kg7 37. Bg4 Nd3 38. Qg5 Nxf2 39. Bf3 Nd3 40. Be2 Nf2
41. Rxf2 Bxf2 42. Qxe5+ f6 43. Qc3 Qd8 44. Rd1 Qc7 45. Qf3 Bc5 46. h4 Bd6 47. h5
gxh5 48. Kg2 a4 49. e5 Bxe5 50. Bd3 Rb7 51. Qxh5 Kf8 52. Qh8+ Ke7 53. Qg7+ Ke6
54. Qg8+ Ke7 55. Bf5 Qc6+ 56. Kh3 Bd6 57. Re1+ Be5 58. Rd1 Qb6 59. Qg7+ Ke8 60.
Bg6+ 1-0

[Event "FIDE World Cup Women 2023"]
[Site "Baku AZE"]
[Date "2023.07.30"]
[Round "1.1"]
[White "Guichard, Pauline"]
[Black "Serikbay, Assel"]
[Result "1-0"]
[WhiteTitle "IM"]
[BlackTitle "WIM"]
[WhiteElo "2384"]
[BlackElo "2139"]
[WhiteFideId "639370"]
[BlackFideId "13706799"]
[EventDate "2023.07.30"]
[EventType "k.o."]

1. d4 d5 2. c4 e6 3. Nc3 a6 4. cxd5 exd5 5. Bf4 Nf6 6. e3 Bd6 7. Bg5 Be6 8. Bd3
Nbd7 9. f4 Nb6 10. Nf3 h6 11. Bh4 Be7 12. Ne5 Nfd7 13. Bg3 Nxe5 14. fxe5 Qd7 15.
O-O O-O-O 16. a4 Kb8 17. a5 Nc8 18. b4 Bxb4 19. Na4 Na7 20. Qb3 c5 21. Bxa6 Nc6
22. Nxc5 Bxc5 23. dxc5 d4 24. Qb6 Qc7 25. Rfb1 Qxb6 26. Rxb6 Rd7 27. Bb5 Rc7 28.
a6 Ne7 29. exd4 Nd5 30. Rd6 Nc3 31. Bd3 Rc6 32. Rc1 Nd5 33. Rb1 Rc7 34. Be4 Nc3
35. Rxb7+ Rxb7 36. Bxb7 Nb5 37. d5 Nxd6 38. exd6 Bf5 39. c6 1-0

[Event "FIDE World Cup Women 2023"]
[Site "Baku AZE"]
[Date "2023.07.30"]
[Round "1.1"]
[White "Librelato, Kathie Goulart"]
[Black "Melia, Salome"]
[Result "1-0"]
[WhiteTitle "WIM"]
[BlackTitle "IM"]
[WhiteElo "2182"]
[BlackElo "2377"]
[WhiteFideId "2153963"]
[BlackFideId "13602446"]
[EventDate "2023.07.30"]
[EventType "k.o."]

1. d4 Nf6 2. c4 e6 3. Nf3 d5 4. g3 h6 5. Bg2 Bd6 6. O-O O-O 7. b3 b6 8. Bb2 Bb7
9. Nc3 Nc6 10. Rc1 Re8 11. Qc2 Bb4 12. Rfd1 Ne7 13. Ne5 c6 14. a3 Bd6 15. e4 Nd7
16. Ng4 f5 17. exf5 exf5 18. Ne3 f4 19. Nf5 Nf6 20. Nxd6 Qxd6 21. c5 Qd7 22. Ne2
fxg3 23. hxg3 g5 24. a4 Kg7 25. Re1 Ng6 26. Rcd1 Ng4 27. Nc1 Ba6 28. Bh3 Rf8 29.
Rd2 Rf3 30. Nd3 Bxd3 31. Rxd3 Qf5 32. Rd2 Qd7 33. Rd3 Qf5 34. Rc3 h5 35. Qxf5
Rxf5 36. f3 Nh6 37. Bxf5 Nxf5 38. cxb6 axb6 39. Rxc6 Nxg3 40. Ree6 Nf4 41. Rc7+
Kh8 42. Ree7 Nf5 43. Re5 Nh4 44. Kh1 Nxf3 45. Ree7 g4 46. Rh7+ Kg8 47. Rcg7+ Kf8
48. Ba3+ 1-0

[Event "FIDE World Cup Women 2023"]
[Site "Baku AZE"]
[Date "2023.07.30"]
[Round "1.1"]
[White "Munguntuul, Batkhuyag"]
[Black "Yuan, Ye"]
[Result "1/2-1/2"]
[WhiteTitle "IM"]
[WhiteElo "2374"]
[BlackElo "2188"]
[WhiteFideId "4900758"]
[BlackFideId "8608415"]
[EventDate "2023.07.30"]
[EventType "k.o."]

1. e4 e5 2. Nf3 Nf6 3. Nxe5 d6 4. Nf3 Nxe4 5. Nc3 Nf6 6. d4 Be7 7. Bd3 O-O 8.
O-O Nc6 9. Re1 Bg4 10. h3 Bh5 11. Be2 d5 12. Ne5 Bxe2 13. Rxe2 h6 14. Bf4 Bb4
15. Re3 Ne7 16. Ng4 Nxg4 17. Qxg4 Ng6 18. Bg3 Be7 19. Nb5 c5 20. Nc7 Rc8 21. Ne6
fxe6 22. Qxg6 Rf6 23. Qg4 cxd4 24. Rxe6 h5 25. Qe2 Rxc2 26. Qe5 Rxe6 27. Qxe6+
Kh8 28. Qf5 Rc6 29. Re1 Kg8 30. Qxh5 d3 31. Rd1 d4 32. Rxd3 Bf6 33. Kh2 b6 34.
Qg6 Qd7 35. Qh5 Rc2 36. Rd1 Rxb2 37. Re1 Be7 38. Qe5 Bf6 39. Qb8+ Kh7 40. Qf4
Qd5 41. Bh4 Bd8 42. Re8 g5 43. Qf8 Bc7+ 44. Bg3 Bxg3+ 45. Kxg3 Kg6 46. Kh2 d3
47. Rd8 Qe5+ 48. g3 Qf6 49. Rd6 Rxf2+ 50. Kg1 Rf1+ 51. Kg2 Rf2+ 52. Kg1 Rf1+ 53.
Kg2 Rf2+ 1/2-1/2

[Event "FIDE World Cup Women 2023"]
[Site "Baku AZE"]
[Date "2023.07.30"]
[Round "1.1"]
[White "Borda Rodas, Anapaola S."]
[Black "Tsolakidou, Stavroula"]
[Result "0-1"]
[WhiteTitle "WIM"]
[BlackTitle "IM"]
[WhiteElo "2200"]
[BlackElo "2373"]
[WhiteFideId "152781"]
[BlackFideId "4264312"]
[EventDate "2023.07.30"]
[EventType "k.o."]

1. e4 c5 2. c3 d5 3. exd5 Nf6 4. d4 cxd4 5. Bb5+ Bd7 6. Bc4 dxc3 7. Nxc3 g6 8.
Qb3 Bc8 9. Bf4 Bg7 10. d6 O-O 11. O-O-O e6 12. Nf3 Nc6 13. Be2 Nd5 14. Nxd5 exd5
15. Qxd5 Be6 16. Qb5 Bxa2 17. d7 Na5 18. Rd6 Qc7+ 19. Kd1 b6 20. g3 Qb7 21. Re1
Rad8 22. Nd2 Qg2 23. Rf1 Nb7 24. Rd3 Nc5 25. Ra3 Be6 26. Rxa7 Bxd7 27. Qxb6 Na4
28. Qb4 Nxb2+ 29. Ke1 Bf5 30. Qb7 Qh3 31. Bg5 Rc8 32. Nb3 Be6 33. Na5 Qf5 34. f4
Nd3+ 35. Kd2 Rc2+ 36. Ke3 Qc5+ 37. Kxd3 Bf5+ 0-1

[Event "FIDE World Cup Women 2023"]
[Site "Baku AZE"]
[Date "2023.07.30"]
[Round "1.1"]
[White "Xiao, Yiyi"]
[Black "Ouellet, Maili-Jade"]
[Result "0-1"]
[WhiteTitle "WGM"]
[BlackTitle "WGM"]
[WhiteElo "2372"]
[BlackElo "2201"]
[WhiteFideId "8606161"]
[BlackFideId "2620472"]
[EventDate "2023.07.30"]
[EventType "k.o."]

1. Nf3 d5 2. g3 Nf6 3. Bg2 c5 4. O-O e6 5. d4 cxd4 6. Nxd4 e5 7. Nf3 Nc6 8. c4
dxc4 9. Qxd8+ Nxd8 10. Nxe5 Be6 11. Nc3 Rc8 12. Rd1 Be7 13. Nb5 Rc5 14. a4 Rxe5
15. Nc7+ Kf8 16. Be3 Ne8 17. Bd4 Ra5 18. Bc3 Rc5 19. Nxe6+ fxe6 20. a5 a6 21.
Bd4 Rc8 22. Bb6 Nd6 23. Rd2 h5 24. e4 N8f7 25. f4 e5 26. Rad1 Rc6 27. fxe5 Nxe5
28. Rd5 Ndf7 29. Bh3 Rhh6 30. Bd7 Nxd7 31. Rxd7 Rhd6 32. Rd5 Rxd7 33. Rxd7 Nd6
34. e5 Ke8 35. e6 Bf6 36. Be3 Bxb2 37. Kg2 Bf6 38. Bf4 c3 0-1

[Event "FIDE World Cup Women 2023"]
[Site "Baku AZE"]
[Date "2023.07.30"]
[Round "1.1"]
[White "Zhang, Jilin"]
[Black "Bivol, Alina"]
[Result "0-1"]
[WhiteTitle "WGM"]
[BlackTitle "IM"]
[WhiteElo "2204"]
[BlackElo "2371"]
[WhiteFideId "8602867"]
[BlackFideId "4100123"]
[EventDate "2023.07.30"]
[EventType "k.o."]

1. e4 e5 2. Nf3 Nc6 3. Bb5 a6 4. Ba4 Nge7 5. c3 Ng6 6. d4 exd4 7. cxd4 Bb4+ 8.
Nc3 d5 9. exd5 Bxc3+ 10. bxc3 Qxd5 11. O-O O-O 12. h3 Na5 13. Re1 b5 14. Bc2 Bf5
15. Bxf5 Qxf5 16. Ne5 Rfe8 17. Nxg6 hxg6 18. a4 Rxe1+ 19. Qxe1 Nb3 20. Ra3 Qb1
21. axb5 a5 22. Kf1 Nxc1 23. c4 Qb2 24. Re3 a4 0-1

[Event "FIDE World Cup Women 2023"]
[Site "Baku AZE"]
[Date "2023.07.30"]
[Round "1.1"]
[White "Cori T., Deysi"]
[Black "Alboredo, Julia"]
[Result "0-1"]
[WhiteTitle "IM"]
[BlackTitle "FM"]
[WhiteElo "2369"]
[BlackElo "2208"]
[WhiteFideId "3801934"]
[BlackFideId "2124807"]
[EventDate "2023.07.30"]
[EventType "k.o."]

1. d4 Nf6 2. c4 e6 3. g3 Bb4+ 4. Nd2 Nc6 5. Nf3 O-O 6. Bg2 d6 7. O-O Bxd2 8.
Bxd2 Qe7 9. b4 a5 10. b5 Nb8 11. Rc1 e5 12. dxe5 dxe5 13. c5 Rd8 14. Qc2 c6 15.
a4 Bg4 16. Rfe1 h6 17. h3 Bd7 18. Qb2 e4 19. Nd4 Nd5 20. Qb3 Qe5 21. Rc4 f5 22.
Rd1 Be8 23. bxc6 Nxc6 24. e3 Rd7 25. Bf1 Bf7 26. Qb5 Qf6 27. Be2 Kh7 28. Qb1
Ndb4 29. Rcc1 Nxd4 30. exd4 Rxd4 31. Bc3 Rxd1+ 32. Bxd1 Qg6 33. Bxb4 axb4 34.
Qxb4 Bd5 35. Bc2 Qh5 36. Qd4 Bc6 37. Kh2 Qe2 38. Bd1 Qf1 39. Qe3 Qd3 40. Qf4 Qd5
41. g4 Rf8 42. Qd6 Qxd6+ 43. cxd6 fxg4 44. Bxg4 Rxf2+ 45. Kg3 Rd2 46. Bf5+ Kg8
47. d7 e3 48. Kf4 e2 49. Ke3 Rd6 50. Kxe2 Bxd7 51. Bxd7 Rxd7 52. Rb1 Kf7 53. Rb6
Ke7 54. a5 Kd8 55. a6 bxa6 56. Rxa6 Rf7 57. Ke3 Ke7 58. Ra7+ Kf6 59. Ra5 Kg6 60.
Ra4 Kh5 61. Rg4 g5 62. Ke2 Rf4 63. Rg3 Kh4 64. Ra3 h5 65. Ra5 g4 66. hxg4 hxg4
67. Ra1 Kh3 68. Ke3 Rf6 69. Ke2 Kg2 70. Ke3 g3 71. Ra2+ Kg1 72. Ra1+ Rf1 73. Ra8
g2 74. Rg8 Rf7 75. Ke2 Re7+ 76. Kd2 Re5 77. Rf8 Kh2 78. Rh8+ Kg3 79. Rg8+ Kf3
80. Rg7 Re4 0-1

[Event "FIDE World Cup Women 2023"]
[Site "Baku AZE"]
[Date "2023.07.30"]
[Round "1.1"]
[White "Campos, Maria Jose"]
[Black "Yip, Carissa"]
[Result "0-1"]
[WhiteTitle "WIM"]
[BlackTitle "IM"]
[WhiteElo "2212"]
[BlackElo "2369"]
[WhiteFideId "146803"]
[BlackFideId "2090732"]
[EventDate "2023.07.30"]
[EventType "k.o."]

1. c4 g6 2. g3 c5 3. Bg2 Bg7 4. Nc3 Nc6 5. a3 d6 6. Rb1 e6 7. b4 Nge7 8. Nf3 b6
9. O-O Bb7 10. e3 O-O 11. d4 Rc8 12. Qd3 cxd4 13. exd4 e5 14. d5 Nb8 15. Bb2 a6
16. Rfd1 Nd7 17. Qe2 Qc7 18. Bf1 h6 19. Rbc1 Qb8 20. Nd2 f5 21. Nb3 Kh7 22. a4
Ba8 23. h4 Nf6 24. Ba3 Rf7 25. Bg2 Rcf8 26. a5 f4 27. axb6 Qxb6 28. c5 dxc5 29.
Nxc5 fxg3 30. fxg3 Nf5 31. Na4 Qa7 32. Kh2 Ne3 33. Ne6 Nfg4+ 34. Kh1 Nf2+ 35.
Kg1 Nfxd1 36. Nxf8+ Bxf8 37. Nc5 Rf2 38. Qxf2 Nxf2 39. Kxf2 Nxg2 0-1

[Event "FIDE World Cup Women 2023"]
[Site "Baku AZE"]
[Date "2023.07.30"]
[Round "1.1"]
[White "Balajayeva, Khanim"]
[Black "Gong, Qianyun"]
[Result "0-1"]
[WhiteTitle "WGM"]
[BlackTitle "WGM"]
[WhiteElo "2368"]
[BlackElo "2223"]
[WhiteFideId "13406396"]
[BlackFideId "8602425"]
[EventDate "2023.07.30"]
[EventType "k.o."]

1. e4 e6 2. d4 d5 3. Nd2 c5 4. Ngf3 Nc6 5. exd5 exd5 6. Bb5 Qe7+ 7. Be2 Nf6 8.
O-O Qc7 9. dxc5 Bxc5 10. Nb3 Be7 11. Bg5 Bf5 12. c3 Be4 13. Re1 O-O 14. Qd2 Rad8
15. Bf4 Bd6 16. Bxd6 Qxd6 17. Rad1 h6 18. h3 Rfe8 19. Nh2 Bg6 20. Bf3 Ne5 21.
Qd4 Qb8 22. Be2 Nc6 23. Qa4 Re4 24. Qa3 Rde8 25. Nc1 Bh5 26. f3 R4e6 27. Nf1 Ne5
28. Kf2 a6 29. Ng3 Nc4 30. Qc5 Ne3 31. Rd2 Bg6 32. b3 b6 33. Qa3 Nc2 34. Rxc2
Bxc2 35. Qxa6 Qf4 36. Rf1 Qe3+ 0-1